[Event "Champ FRA - Under 12"]
[Site "Europe Echecs"]
[Date "2020.07.08"]
[Round "2"]
[White "RakotomamonjyL"]
[Black "KassabChadi"]
[Result "0-1"]
[WhiteElo "1310"]
[BlackElo "1659"]
[PlyCount "62"]
[EventDate "2020.??.??"]

1. e4 c5 2. Nf3 d6 3. d4 cxd4 4. Nxd4 Nf6 5. Nc3 a6 6. f4 Nbd7 7. Bc4 b5 8. Bb3
Bb7 9. Bd5 Nxd5 10. exd5 b4 11. Ne4 Bxd5 12. Qe2 Qb6 13. Qd3 Nc5 14. Nxc5 dxc5
15. Nf3 Qe6+ 16. Qe3 Qxe3+ 17. Bxe3 e6 18. O-O-O Be7 19. Rhg1 O-O 20. Ne5 Rfd8
21. b3 a5 22. Nd3 Rac8 23. g4 c4 24. bxc4 Rxc4 25. Ne5 Rc3 26. Bd2 Rc7 27. Kb1
Rdc8 28. Rc1 a4 29. Nd3 b3 30. axb3 axb3 31. cxb3 Be4 {RakotomamonjyL a
abandonné} 0-1

[Event "Champ FRA - Under 12"]
[Site "Europe Echecs"]
[Date "2020.07.08"]
[Round "2"]
[White "LevannierGouel"]
[Black "BiondiAntonin"]
[Result "1-0"]
[WhiteElo "1659"]
[BlackElo "1280"]
[PlyCount "43"]
[EventDate "2020.??.??"]

1. e4 d5 2. exd5 Nf6 3. d4 Bg4 4. Nf3 Qxd5 5. Be2 Nc6 6. Nc3 Qf5 7. O-O Qh5 8.
h3 O-O-O 9. hxg4 Nxg4 10. Bf4 e5 11. Nxe5 Ncxe5 12. Bxe5 Nxe5 13. Bxh5 g6 14.
Qe2 Nc6 15. d5 Nd4 16. Qg4+ Rd7 17. Qxd4 Rg8 18. Bg4 f5 19. Qxa7 Rd8 20. Bf3
Bg7 21. d6 cxd6 22. Qxb7# {BiondiAntonin est échec et mat} 1-0

[Event "Champ FRA - Under 12"]
[Site "Europe Echecs"]
[Date "2020.07.08"]
[Round "2"]
[White "FlagielloFranc"]
[Black "DruonThibault"]
[Result "0-1"]
[WhiteElo "1293"]
[BlackElo "1644"]
[PlyCount "72"]
[EventDate "2020.??.??"]

1. e4 c5 2. Nf3 d6 3. Bb5+ Bd7 4. Bxd7+ Qxd7 5. O-O Nc6 6. d4 cxd4 7. Nxd4 Nf6
8. Nc3 g6 9. Be3 Bg7 10. h3 O-O 11. Qd2 Rfc8 12. Nf3 Na5 13. Rab1 Nc4 14. Qe2
Nxb2 15. Rxb2 Rxc3 16. Rfb1 b6 17. e5 dxe5 18. Nxe5 Qe6 19. Bd4 Nd5 20. Bxc3
Nxc3 21. Qf3 Rc8 22. Re1 f6 23. Nd3 Qd6 24. Qb7 Rc7 25. Qa8+ Kf7 26. Kh1 e5 27.
Qf3 e4 28. Rxe4 Nxe4 29. Qxe4 f5 30. Qb4 Qxb4 31. Rxb4 Rxc2 32. Ra4 a5 33. Kh2
Bc3 34. Rc4 b5 35. Rc7+ Kg8 36. Ne1 Be5+ {FlagielloFranc a abandonné} 0-1

[Event "Champ FRA - Under 12"]
[Site "Europe Echecs"]
[Date "2020.07.08"]
[Round "2"]
[White "BreuilVirgile"]
[Black "MartoianSeda"]
[Result "1-0"]
[WhiteElo "1622"]
[BlackElo "1278"]
[PlyCount "77"]
[EventDate "2020.??.??"]

1. e4 e6 2. d4 d5 3. exd5 exd5 4. c4 Nf6 5. Nc3 c6 6. Nf3 Bd6 7. c5 Be7 8. Bd3
O-O 9. O-O Bg4 10. Bg5 Nbd7 11. h3 Bh5 12. Be2 Re8 13. Re1 h6 14. Bh4 Bg6 15.
Ne5 Nxe5 16. dxe5 Ne4 17. Bxe7 Rxe7 18. Nxe4 Bxe4 19. f3 Bg6 20. f4 Qd7 21. Bd3
Bxd3 22. Qxd3 Rae8 23. Qc3 b6 24. cxb6 axb6 25. Re2 c5 26. Rae1 Qf5 27. Qd2 d4
28. g4 Qd7 29. f5 Qd5 30. Qf4 b5 31. b3 Kh8 32. f6 Re6 33. Qf2 gxf6 34. exf6
Kg8 35. Rxe6 Rxe6 36. Rxe6 Qxe6 37. Qf4 c4 38. Qxh6 d3 39. Qg7# {MartoianSeda
est échec et mat} 1-0

[Event "Champ FRA - Under 12"]
[Site "Europe Echecs"]
[Date "2020.07.08"]
[Round "2"]
[White "GreisslerRapha"]
[Black "AuribaultLouis"]
[Result "0-1"]
[WhiteElo "1285"]
[BlackElo "1618"]
[PlyCount "79"]
[EventDate "2020.??.??"]

1. e4 e5 2. Nf3 Nc6 3. Bc4 Bc5 4. c3 Nf6 5. d3 a6 6. Bb3 Ba7 7. O-O h6 8. Nbd2
O-O 9. Re1 d6 10. Nf1 Kh8 11. Ng3 Ng8 12. Nf5 Bxf5 13. exf5 Qf6 14. Bc2 Nge7
15. d4 Nxf5 16. Qd3 g6 17. d5 Nce7 18. c4 c6 19. Nd2 cxd5 20. cxd5 Rac8 21. Ne4
Qg7 22. g4 Nd4 23. Bb3 Rcd8 24. Qh3 Ng8 25. Ng5 f5 26. gxf5 gxf5 27. Kh1 f4 28.
Ne6 Nxe6 29. dxe6 Bxf2 30. Rf1 Ba7 31. Bd2 f3 32. Rxf3 Rxf3 33. Qxf3 Rf8 34.
Qg3 Qh7 35. Bb4 Qe4+ 36. Qg2 Qxb4 37. e7 Nxe7 38. Rg1 Bxg1 39. Qxg1 Qe4+ 40.
Qg2 {GreisslerRapha a abandonné} 0-1

[Event "Champ FRA - Under 12"]
[Site "Europe Echecs"]
[Date "2020.07.08"]
[Round "2"]
[White "NoerdingerLeo"]
[Black "ChalonLouison"]
[Result "1-0"]
[WhiteElo "1605"]
[BlackElo "1265"]
[PlyCount "129"]
[EventDate "2020.??.??"]

1. e4 e5 2. Nf3 Nc6 3. Nc3 Nf6 4. Bb5 Bb4 5. O-O O-O 6. d3 d6 7. Bg5 h6 8. Bxf6
Qxf6 9. Nd5 Qd8 10. Bxc6 bxc6 11. Nxb4 c5 12. Nd5 c6 13. Nc3 d5 14. exd5 cxd5
15. Nxe5 Re8 16. Nf3 d4 17. Ne4 Bg4 18. Re1 Qa5 19. Qd2 Qd8 20. Nxc5 Bxf3 21.
gxf3 Rxe1+ 22. Rxe1 Qf6 23. Ne4 Qxf3 24. Qe2 Qf5 25. Ng3 Qd7 26. Qe7 Qb5 27.
Qa3 Qc6 28. c3 dxc3 29. Qxc3 Qxc3 30. bxc3 Rc8 31. Rc1 Rd8 32. d4 a5 33. Ne4 f5
34. Nc5 Kf7 35. Rd1 Kf6 36. f4 g5 37. fxg5+ hxg5 38. Rb1 f4 39. Rb6+ Kf5 40.
Ra6 g4 41. Rxa5 Rd5 42. Ra8 g3 43. Rf8+ Kg4 44. hxg3 Kxg3 45. Rg8+ Kf3 46. a4
Ke3 47. Rg2 f3 48. Rf2 Rg5+ 49. Kf1 Rh5 50. Rxf3+ Kxf3 51. Ke1 Ke3 52. Kd1 Rh8
53. a5 Ra8 54. a6 Ra7 55. Kc2 Rc7 56. Kb3 Kd2 57. Kc4 Kc2 58. d5 Rc8 59. d6 Rd8
60. d7 Kb2 61. a7 Kc2 62. Kb4 Kb2 63. Na4+ Kc2 64. Nb6 Kb2 65. a8=Q {
ChalonLouison a abandonné} 1-0

[Event "Champ FRA - Under 12"]
[Site "Europe Echecs"]
[Date "2020.07.08"]
[Round "2"]
[White "PolaertClarenc"]
[Black "FrelauMatthias"]
[Result "0-1"]
[WhiteElo "1280"]
[BlackElo "1592"]
[PlyCount "90"]
[EventDate "2020.??.??"]

1. d4 Nf6 2. Bf4 g6 3. e3 Bg7 4. Bd3 d6 5. h4 Nbd7 6. h5 Nxh5 7. Rxh5 gxh5 8.
Qxh5 Nf6 9. Qh4 e6 10. Nf3 h6 11. Nc3 Bd7 12. Ne4 Nxe4 13. Qxd8+ Kxd8 14. Bxe4
d5 15. Bd3 c5 16. Ne5 b6 17. Nxf7+ Ke7 18. Nxh8 Rxh8 19. O-O-O cxd4 20. exd4
Bxd4 21. f3 Bf6 22. Re1 Kf7 23. Be5 Bxe5 24. Rxe5 Rg8 25. g4 Bc6 26. Kd2 Rg5
27. Re1 Kf6 28. Rh1 Kg7 29. Ke3 d4+ 30. Kf4 e5+ 31. Kg3 Bd7 32. Rh5 Rxh5 33.
gxh5 Bc6 34. Kg4 Kf6 35. Be2 Bd7+ 36. Kh4 Kf5 37. c3 dxc3 38. bxc3 Kf4 39. c4
Bc6 40. Bd3 Bxf3 41. Bg6 e4 42. a4 e3 43. a5 e2 44. Bd3 e1=Q+ 45. Kh3 Qg3# {
PolaertClarenc est échec et mat} 0-1

[Event "Champ FRA - Under 12"]
[Site "Europe Echecs"]
[Date "2020.07.08"]
[Round "2"]
[White "TallecHadrien"]
[Black "RobinLucien"]
[Result "1-0"]
[WhiteElo "1587"]
[BlackElo "1265"]
[PlyCount "119"]
[EventDate "2020.??.??"]

1. e4 c6 2. d4 d5 3. exd5 cxd5 4. Bd3 Nc6 5. c3 Nf6 6. h3 g6 7. Bf4 Bg7 8. Na3
O-O 9. Nf3 a6 10. Nc2 Qb6 11. Qc1 Re8 12. O-O Nh5 13. Bh2 e5 14. dxe5 Nxe5 15.
Bxe5 Bxe5 16. Nxe5 Rxe5 17. Nd4 Nf4 18. Qxf4 Re8 19. b3 Bd7 20. Rfe1 Qc5 21. c4
Rxe1+ 22. Rxe1 Re8 23. Rxe8+ Bxe8 24. cxd5 Qxd5 25. Bc4 Qd7 26. Nf3 Qd1+ 27.
Kh2 Qc2 28. Ne5 Qf5 29. Qxf5 gxf5 30. Kg3 Kg7 31. Kf4 Kf6 32. Bd3 Ke6 33. Bxf5+
Kd5 34. Bd7 Bxd7 35. Nxd7 Kd4 36. Kf3 Kc3 37. Nc5 Kb2 38. Nxb7 Kxa2 39. Nc5 a5
40. Nb7 Kxb3 41. Nxa5+ Kb4 42. Nc6+ Kc5 43. Ne5 f6 44. Ng4 f5 45. Nh6 Kd5 46.
Nxf5 Ke5 47. Kg4 Kf6 48. f4 Kg6 49. Nh4+ Kf6 50. f5 Kg7 51. Kh5 h6 52. g4 Kh7
53. f6 Kg8 54. Kxh6 Kf7 55. g5 Kg8 56. g6 Kh8 57. Nf5 Kg8 58. Nd6 Kh8 59. g7+
Kg8 60. f7# {RobinLucien est échec et mat} 1-0

[Event "Champ FRA - Under 12"]
[Site "Europe Echecs"]
[Date "2020.07.08"]
[Round "2"]
[White "GrisoniEmma"]
[Black "ParalieuMaxime"]
[Result "0-1"]
[WhiteElo "1273"]
[BlackElo "1569"]
[PlyCount "110"]
[EventDate "2020.??.??"]

1. e4 e5 2. Nf3 Nc6 3. d4 exd4 4. Nxd4 Bc5 5. Be3 Qf6 6. c3 Nge7 7. Bc4 b6 8.
Qd2 Bb7 9. Nxc6 Qxc6 10. Bd3 O-O-O 11. Bxc5 Qxc5 12. Qe2 d5 13. Qg4+ Kb8 14. e5
d4 15. c4 Qxe5+ 16. Qe2 Qxe2+ 17. Kxe2 Ng6 18. Bxg6 hxg6 19. f3 Rde8+ 20. Kd2
c5 21. Na3 a6 22. h3 Re6 23. Rhe1 Rhe8 24. Rxe6 Rxe6 25. Re1 Rxe1 26. Kxe1 Kc7
27. Kd2 Kd6 28. Ke2 Ke5 29. g3 g5 30. Nc2 Bc8 31. g4 Kf4 32. Kf2 Be6 33. b3 b5
34. cxb5 axb5 35. Ne1 c4 36. Ng2+ Ke5 37. bxc4 bxc4 38. a4 c3 39. Ke2 Bc4+ 40.
Kd1 Bb3+ 41. Kc1 Bxa4 42. Ne1 Kf4 43. Nd3+ Kxf3 44. Ne5+ Ke4 45. Nxf7 d3 46.
Nxg5+ Kf4 47. Ne6+ Kg3 48. Nc5 d2+ 49. Kb1 d1=Q+ 50. Ka2 Qd5+ 51. Ka3 Qxc5+ 52.
Kxa4 Qb6 53. g5 c2 54. g6 c1=Q 55. h4 Qa1# {GrisoniEmma est échec et mat} 0-1

[Event "Champ FRA - Under 12"]
[Site "Europe Echecs"]
[Date "2020.07.08"]
[Round "2"]
[White "DurandBenmouss"]
[Black "MenceEline"]
[Result "1-0"]
[WhiteElo "1558"]
[BlackElo "1264"]
[PlyCount "121"]
[EventDate "2020.??.??"]

1. d4 d5 2. Bf4 Bf5 3. e3 e6 4. Nd2 c6 5. Ngf3 Nd7 6. Bd3 Bg6 7. h3 Ngf6 8. O-O
Be7 9. Re1 Ne4 10. Ne5 f5 11. Ndf3 Bh5 12. Be2 Bxf3 13. Bxf3 O-O 14. Qd3 Bf6
15. Rad1 Nxe5 16. dxe5 Be7 17. a3 Rc8 18. b4 c5 19. c3 cxb4 20. cxb4 Rc3 21.
Qb5 Qc7 22. Bxe4 fxe4 23. Qa4 a6 24. Rb1 Rc8 25. Kh2 Qb8 26. Qd7 Qc7 27. Qxe6+
Kh8 28. Qxd5 Qc6 29. Qxc6 R8xc6 30. b5 axb5 31. Rxb5 h6 32. Rxb7 Bxa3 33. Kg3
Rc1 34. Rb8+ Kh7 35. Rxc1 Rxc1 36. Kh4 Rc2 37. Bg3 g5+ 38. Kh5 Rc6 39. Rb7+ Kg8
40. h4 Bf8 41. hxg5 hxg5 42. Kxg5 Re6 43. Kf5 Rh6 44. Bf4 Rh7 45. Rxh7 Kxh7 46.
Kxe4 Kg7 47. Kd5 Kf7 48. e6+ Ke7 49. e4 Bg7 50. f3 Bb2 51. g4 Ba3 52. g5 Bb2
53. e5 Ba3 54. g6 Kf8 55. Bh6+ Kg8 56. f4 Bb4 57. f5 Ba3 58. f6 Bb4 59. e7 Bxe7
60. fxe7 Kh8 61. e8=Q# {MenceEline est échec et mat} 1-0

[Event "Champ FRA - Under 12"]
[Site "Europe Echecs"]
[Date "2020.07.08"]
[Round "2"]
[White "DarrortNahia"]
[Black "HiltonMarc"]
[Result "0-1"]
[WhiteElo "1263"]
[BlackElo "1546"]
[PlyCount "54"]
[EventDate "2020.??.??"]

1. e4 c5 2. Nf3 d6 3. c3 Nf6 4. d3 Nc6 5. Bg5 e6 6. Be2 Be7 7. h3 Qc7 8. Nbd2
O-O 9. O-O d5 10. exd5 exd5 11. d4 cxd4 12. cxd4 Re8 13. Bb5 Ne4 14. Nxe4 dxe4
15. Bxe7 exf3 16. Bh4 fxg2 17. Kxg2 Bd7 18. Bg3 Qb6 19. Bxc6 Bxc6+ 20. d5 Rad8
21. Qb3 Bxd5+ 22. Qxd5 Rxd5 23. b3 h6 24. Rfd1 Qc6 25. Rxd5 Qxd5+ 26. Kg1 f5
27. Rf1 g5 {DarrortNahia a abandonné} 0-1

[Event "Champ FRA - Under 12"]
[Site "Europe Echecs"]
[Date "2020.07.08"]
[Round "2"]
[White "PerrouinAlexia"]
[Black "SabeFlavio"]
[Result "1-0"]
[WhiteElo "1530"]
[BlackElo "1259"]
[PlyCount "61"]
[EventDate "2020.??.??"]

1. e4 c5 2. Nf3 e6 3. d4 cxd4 4. Nxd4 Nf6 5. Bd3 Nc6 6. Be3 Nxd4 7. Bxd4 d5 8.
exd5 exd5 9. O-O Be7 10. Re1 O-O 11. c4 Be6 12. cxd5 Qxd5 13. Nc3 Qd8 14. Be3
Bb4 15. Qe2 Rc8 16. Bd2 Bg4 17. Qf1 Qd7 18. f3 Bc5+ 19. Kh1 Be6 20. Rad1 Qc7
21. Bg5 Nd5 22. Nxd5 Bxd5 23. Bxh7+ Kxh7 24. Rxd5 Bd6 25. Qd3+ g6 26. Rxd6 Qa5
27. Bd2 Qxa2 28. Bc3 Qa4 29. Rd4 Qc6 30. Rh4+ Kg8 31. Rh8# {SabeFlavio est
échec et mat} 1-0

[Event "Champ FRA - Under 12"]
[Site "Europe Echecs"]
[Date "2020.07.08"]
[Round "2"]
[White "OstrovskiyVova"]
[Black "PierrotYohann"]
[Result "0-1"]
[WhiteElo "1260"]
[BlackElo "1519"]
[PlyCount "122"]
[EventDate "2020.??.??"]

1. e4 c6 2. d4 d5 3. e5 Bf5 4. Nc3 e6 5. Bd3 Bxd3 6. Qxd3 c5 7. Nge2 Nc6 8. Be3
Nge7 9. O-O Nf5 10. Nb5 Nxe3 11. fxe3 c4 12. Qc3 Bb4 13. Nd6+ Bxd6 14. exd6
Qxd6 15. b3 Qb4 16. Qxb4 Nxb4 17. c3 Nc2 18. Rac1 cxb3 19. axb3 Nxe3 20. Rf3
Nf5 21. Nf4 O-O 22. Re1 Nd6 23. Rh3 Rac8 24. Ree3 Nf5 25. Re5 Ne7 26. Rg5 Ng6
27. Nxg6 fxg6 28. Re3 Rf6 29. Rge5 Kf7 30. c4 dxc4 31. bxc4 Rxc4 32. d5 Rc1+
33. Re1 Rxe1+ 34. Rxe1 exd5 35. Rc1 Rc6 36. Rd1 Ke6 37. Re1+ Kd6 38. Rf1 Rc7
39. Rb1 a5 40. Kf2 a4 41. Ke3 a3 42. Kd4 Rc4+ 43. Kd3 Kc6 44. Ra1 Ra4 45. Kc3
a2 46. Kb3 b5 47. Rxa2 Rxa2 48. Kxa2 d4 49. Kb3 Kc5 50. g4 h5 51. h4 hxg4 52.
h5 gxh5 53. Kc2 g3 54. Kd3 g2 55. Kd2 g1=Q 56. Kd3 Qe3+ 57. Kc2 b4 58. Kb1 Kc4
59. Ka1 b3 60. Kb1 Qd2 61. Ka1 Qa2# {OstrovskiyVova est échec et mat} 0-1

[Event "Champ FRA - Under 12"]
[Site "Europe Echecs"]
[Date "2020.07.08"]
[Round "2"]
[White "ArousstamianAl"]
[Black "YuMatthieu"]
[Result "0-1"]
[WhiteElo "1510"]
[BlackElo "1250"]
[PlyCount "92"]
[EventDate "2020.??.??"]

1. d4 Nf6 2. Bf4 g6 3. Nc3 d5 4. f3 Bg7 5. Qd2 c5 6. e4 cxd4 7. Qxd4 Nh5 8. Be5
f6 9. Bg3 e6 10. exd5 Nc6 11. Qd2 exd5 12. Bf2 d4 13. Ne4 f5 14. Ng3 Nf6 15.
O-O-O O-O 16. Bc4+ Kh8 17. N3e2 Na5 18. Bb3 Nxb3+ 19. cxb3 Qc7+ 20. Kb1 Be6 21.
Nxd4 Bf7 22. h4 Nh5 23. g4 fxg4 24. fxg4 Nf6 25. g5 Ne4 26. Qe3 Bd5 27. Rh2
Qxh2 28. Be1 Rad8 29. Ngf3 Qd6 30. Nc2 Rxf3 31. Qxf3 Qe5 32. Bc3 Nxc3+ 33. bxc3
Qxc3 34. Qxc3 Bxc3 35. Ne3 Be4+ 36. Kc1 Rxd1+ 37. Kxd1 Kg7 38. Ke2 Kf7 39. Nc4
Bc6 40. Kd3 Bg7 41. a4 Ke6 42. b4 a6 43. a5 Kd5 44. Ne3+ Ke6 45. Nc4 Bb5 46. h5
gxh5 {ArousstamianAl a perdu au temps} 0-1

[Event "Champ FRA - Under 12"]
[Site "Europe Echecs"]
[Date "2020.07.08"]
[Round "2"]
[White "LeNeindreYael"]
[Black "DetrazSamuel"]
[Result "0-1"]
[WhiteElo "1258"]
[BlackElo "1509"]
[PlyCount "152"]
[EventDate "2020.??.??"]

1. d4 d5 2. c4 e6 3. Nc3 Nf6 4. Bg5 Nbd7 5. Nf3 c6 6. e3 Qa5 7. Qb3 Bb4 8. a3
Ne4 9. Rc1 Bxc3+ 10. bxc3 Nb6 11. cxd5 Nxd5 12. Bd3 Ndxc3 13. O-O Nxg5 14. Nxg5
Qxg5 15. Qxc3 O-O 16. h3 e5 17. Kh2 exd4 18. Qxd4 Rd8 19. Qe4 g6 20. Bc4 Bf5
21. Qf3 Qe7 22. Rfe1 Qxa3 23. g4 Qd6+ 24. Kg1 Be6 25. Be2 Qc7 26. h4 c5 27. h5
Bd5 28. Qh3 a6 29. f3 b5 30. Kf2 c4 31. Rh1 a5 32. hxg6 fxg6 33. Qh6 Qg7 34.
Qg5 Qf7 35. Rcd1 Rd7 36. e4 Bc6 37. Rb1 b4 38. Qc5 Bxe4 39. Bxc4 Bd5 40. Bxd5
Qxd5 41. Qb6 Qd4+ 42. Qxd4 Rxd4 43. Ke3 Rc4 44. Rhf1 a4 45. Kd2 Rd8+ 46. Ke3 a3
47. Ra1 Rc3+ 48. Ke2 Rc2+ 49. Ke3 Rdd2 50. Rfb1 Rb2 51. Rc1 Rdc2 52. Rd1 a2 53.
Rd8+ Kf7 54. Rb8 Rb1 55. Rb7+ Kf6 56. Rb6+ Ke7 57. Rb7+ Kd6 58. Rxa2 Rxa2 59.
Rxh7 Re1+ 60. Kf4 b3 61. Rh6 b2 62. Rxg6+ Ke7 63. Rb6 b1=Q 64. Rxb1 Rxb1 65.
Kg5 Rb5+ 66. Kf4 Ra4+ 67. Kg3 Kf6 68. Kf2 Kg5 69. Kg3 Rf4 70. Kg2 Rb2+ 71. Kg3
Rb3 72. Kf2 Rfxf3+ 73. Kg2 Kxg4 74. Kh1 Rf2 75. Kg1 Ra2 76. Kf1 Rb1# {
LeNeindreYael est échec et mat} 0-1

[Event "Champ FRA - Under 12"]
[Site "Europe Echecs"]
[Date "2020.07.08"]
[Round "2"]
[White "EugeneNathael"]
[Black "BonfilsDussaux"]
[Result "0-1"]
[WhiteElo "1508"]
[BlackElo "1240"]
[PlyCount "120"]
[EventDate "2020.??.??"]

1. e4 c5 2. Nf3 d6 3. d4 cxd4 4. Qxd4 Nc6 5. Bb5 Bd7 6. Bxc6 Bxc6 7. Nc3 Nf6 8.
O-O g6 9. Bg5 Bg7 10. Qe3 O-O 11. Rad1 Qc7 12. h3 Rfd8 13. Bh6 Bh8 14. Rfe1
Rac8 15. e5 dxe5 16. Nxe5 e6 17. Nxc6 bxc6 18. Bf4 Qb7 19. b3 Nd5 20. Nxd5 cxd5
21. Re2 Qa6 22. a4 Qb7 23. Be5 Bxe5 24. Qxe5 Rc6 25. Qf6 Rdc8 26. Rdd2 Rc3 27.
Kf1 Qd7 28. Qd4 R8c6 29. Qb4 Qc7 30. Qd4 Rxc2 31. f4 R2c3 32. b4 R3c4 33. Qe5
Rxf4+ 34. Kg1 Qxe5 35. Rxe5 Rxb4 36. Ra2 Rcc4 37. a5 Ra4 38. Rb2 Rc7 39. Rb8+
Kg7 40. Re3 Rxa5 41. Rf3 Rac5 42. Ra8 a5 43. Ra3 d4 44. Rd3 e5 45. Re8 f5 46.
Ra3 e4 47. Kh2 d3 48. Ra2 Rb5 49. Rd2 a4 50. Ra8 Rb4 51. Kg3 Rc2 52. Rxc2 dxc2
53. Rc8 Rb3+ 54. Kf2 Rb2 55. Ke3 a3 56. Rc7+ Kh6 57. Kd2 a2 58. Ra7 Rb1 59.
Kxc2 a1=Q 60. Rxa1 Rxa1 {EugeneNathael a abandonné} 0-1

[Event "Champ FRA - Under 12"]
[Site "Europe Echecs"]
[Date "2020.07.08"]
[Round "2"]
[White "DromardBenjami"]
[Black "IlinArtem"]
[Result "1/2-1/2"]
[WhiteElo "1250"]
[BlackElo "1504"]
[PlyCount "95"]
[EventDate "2020.??.??"]

1. e4 e5 2. Nf3 Nc6 3. Bc4 Bc5 4. c3 Nf6 5. d4 exd4 6. cxd4 Bb4+ 7. Nc3 O-O 8.
e5 Ne4 9. Qc2 Bxc3+ 10. bxc3 d5 11. Bd3 Bf5 12. O-O Bg6 13. Re1 Ne7 14. Ba3 b6
15. Nh4 Ng5 16. Nxg6 hxg6 17. f4 Ne6 18. f5 gxf5 19. Bxf5 Re8 20. Bxe6 fxe6 21.
Bxe7 Qxe7 22. Qg6 Qf7 23. Qxf7+ Kxf7 24. Rf1+ Kg8 25. Rf3 c5 26. Raf1 cxd4 27.
cxd4 Rf8 28. h4 Rxf3 29. Rxf3 Rf8 30. Rxf8+ Kxf8 31. g4 g6 32. Kf2 Kg7 33. Ke3
b5 34. Kd3 a5 35. Kc3 Kf7 36. a3 Ke7 37. Kb3 Kf7 38. a4 b4 39. Kb2 Kg7 40. Kb3
Kf8 41. Kc2 Kg8 42. Kd3 Kh7 43. Kc2 Kh6 44. Kb3 g5 45. h5 Kg7 46. Kc2 Kh6 47.
Kb3 Kh7 48. Kb2 {Nulle par accord mutuel} 1/2-1/2

[Event "Champ FRA - Under 12"]
[Site "Europe Echecs"]
[Date "2020.07.08"]
[Round "2"]
[White "TouillerThibau"]
[Black "MorinRocheHugo"]
[Result "0-1"]
[WhiteElo "1504"]
[BlackElo "1231"]
[PlyCount "66"]
[EventDate "2020.??.??"]

1. d4 d5 2. Nf3 c5 3. c4 cxd4 4. Nxd4 e5 5. Nb5 d4 6. e3 Bc5 7. exd4 exd4 8.
Bf4 Na6 9. Bd3 Nf6 10. O-O O-O 11. a3 Nb8 12. Nc7 Ng4 13. Nxa8 Qh4 14. Bxb8 Bd7
15. Bg3 Qh5 16. Nc7 f5 17. h3 f4 18. hxg4 Bxg4 19. f3 fxg3 20. Re1 Qh2+ 21. Kf1
Bxf3 22. Qxf3 Rxf3+ 23. Ke2 Qxg2+ 24. Kd1 Rxd3+ 25. Kc1 Re3 26. Rd1 Rf3 27. Nd2
Rf2 28. Ne6 Qc6 29. Nxc5 Qxc5 30. Ne4 Qf8 31. Nxf2 Qxf2 32. Rd2 g2 33. Rxf2
g1=Q+ {TouillerThibau a perdu au temps} 0-1

[Event "Champ FRA - Under 12"]
[Site "Europe Echecs"]
[Date "2020.07.08"]
[Round "2"]
[White "ZejliMehdi"]
[Black "SoyeuxGabriel"]
[Result "1-0"]
[WhiteElo "1241"]
[BlackElo "1501"]
[PlyCount "49"]
[EventDate "2020.??.??"]

1. e4 d5 2. exd5 Qxd5 3. Nc3 Qd8 4. d4 Nf6 5. Bc4 Bg4 6. Nge2 e6 7. Bg5 Be7 8.
Qd2 h6 9. Bh4 c6 10. O-O-O Nd5 11. Bxe7 Qxe7 12. Bxd5 cxd5 13. f3 Bf5 14. g4
Bh7 15. Qf4 a6 16. Qe5 Qg5+ 17. Qxg5 hxg5 18. Na4 Nd7 19. Nec3 Rc8 20. h4 gxh4
21. Rxh4 b5 22. Nc5 Nxc5 23. dxc5 Kf8 24. Rdh1 Kg8 25. b4 {SoyeuxGabriel a
perdu au temps} 1-0

[Event "Champ FRA - Under 12"]
[Site "Europe Echecs"]
[Date "2020.07.08"]
[Round "2"]
[White "GuerinSasha"]
[Black "CiarlettaIris"]
[Result "0-1"]
[WhiteElo "1236"]
[BlackElo "1493"]
[PlyCount "190"]
[EventDate "2020.??.??"]

1. d4 Nf6 2. Nc3 g6 3. e4 d6 4. Bf4 Bg7 5. Qd2 O-O 6. Bh6 Nc6 7. O-O-O e5 8. d5
Nb8 9. Bxg7 Kxg7 10. f3 Nbd7 11. g4 Ng8 12. h4 h6 13. h5 g5 14. Nge2 Ngf6 15.
Ng3 a6 16. Nf5+ Kh7 17. Bc4 Nb6 18. Bb3 Bxf5 19. gxf5 Nfd7 20. Rhg1 f6 21. Kb1
Nc5 22. Rg2 Nbd7 23. Rgg1 Qe7 24. a3 Nxb3 25. cxb3 b5 26. b4 Nb6 27. Ka2 Qf7
28. b3 Kg7 29. Kb2 Rh8 30. Ka2 Qxh5 31. Qe2 Qf7 32. Kb2 Kf8 33. Rh1 h5 34. Rh2
h4 35. Rg1 Ke7 36. Rg4 Rab8 37. Ka2 Nc8 38. Kb2 Kd8 39. Ka2 Ne7 40. Kb2 Ng8 41.
Ka2 Nh6 42. Rgg2 Qd7 43. Kb2 Ke7 44. Ka2 Ra8 45. Kb2 Rhb8 46. Ka2 a5 47. bxa5
b4 48. axb4 Rxb4 49. Ka3 Rbb8 50. b4 Qc8 51. Nb5 Qb7 52. Qc4 Qxb5 53. Qxb5 Rxb5
54. Ka4 Rab8 55. Rb2 Nf7 56. Rhc2 Kd7 57. Rc4 Nd8 58. Rbc2 R5b7 59. Rh2 Ra7 60.
Rhc2 Nf7 61. Rh2 Nd8 62. Rhc2 Rba8 63. Rh2 Nb7 64. Rhc2 Nxa5 65. bxa5 Rxa5+ 66.
Kb3 Ra3+ 67. Kb2 Ra2+ 68. Kc1 Rxc2+ 69. Rxc2 Ra3 70. Rf2 Rc3+ 71. Kd2 Rc5 72.
Kd1 Ke7 73. Kd2 Kf7 74. Ke1 Kg7 75. Kf1 Kh6 76. Kg2 Kh5 77. Kh3 Rc1 78. Kh2 Rc3
79. Kh3 g4+ 80. Kg2 g3 81. Rf1 Rc2+ 82. Kh1 h3 83. Rg1 Kh4 84. Re1 Rf2 85. Rg1
Rxf3 86. Re1 g2+ 87. Kh2 Rc3 88. Rd1 c5 89. Re1 c4 90. Ra1 Rg3 91. Rg1 c3 92.
Rc1 c2 93. Kg1 Rb3 94. Rxc2 Kg3 95. Rc1 h2# {GuerinSasha est échec et mat} 0-1

[Event "Champ FRA - Under 12"]
[Site "Europe Echecs"]
[Date "2020.07.08"]
[Round "2"]
[White "GresserHugo"]
[Black "TranKyLan"]
[Result "0-1"]
[WhiteElo "1230"]
[BlackElo "1467"]
[PlyCount "80"]
[EventDate "2020.??.??"]

1. e4 c5 2. Nf3 Nc6 3. d4 cxd4 4. Nxd4 g6 5. Bb5 Bg7 6. Nxc6 bxc6 7. Bc4 d6 8.
Nc3 Nf6 9. O-O O-O 10. Bg5 h6 11. Be3 c5 12. Qd2 Kh7 13. Rad1 Ng4 14. Be2 Nxe3
15. Qxe3 Bd7 16. Rfe1 Rb8 17. b3 Qa5 18. Nd5 Rfe8 19. a4 Bc6 20. Nf4 Qc3 21.
Bd3 Qd4 22. Qe2 Be5 23. Qf3 Qc3 24. Nd5 Bxd5 25. exd5 Rf8 26. Qg4 Qb4 27. f3
Qxg4 28. fxg4 Bd4+ 29. Kh1 Rbe8 30. Re4 Be5 31. Bb5 Rb8 32. b4 cxb4 33. Rxb4 a6
34. Rdb1 axb5 35. Rxb5 Rxb5 36. axb5 Rb8 37. b6 Rb7 38. Kg1 Bd4+ 39. Kf1 Rxb6
40. Ra1 Bxa1 {GresserHugo a abandonné} 0-1

[Event "Champ FRA - Under 12"]
[Site "Europe Echecs"]
[Date "2020.07.08"]
[Round "2"]
[White "FernandesMerle"]
[Black "JoinOctave"]
[Result "1-0"]
[WhiteElo "1461"]
[BlackElo "1135"]
[PlyCount "69"]
[EventDate "2020.??.??"]

1. e4 e6 2. d4 d5 3. e5 c5 4. c3 Nc6 5. Nf3 Qb6 6. Bd3 Bd7 7. Be2 Be7 8. O-O
Nh6 9. a3 cxd4 10. cxd4 Na5 11. b4 Bxb4 12. axb4 Qxb4 13. Bd2 Qe7 14. Bxh6 b6
15. Bxg7 Rg8 16. Bf6 Qf8 17. Ng5 Qh6 18. f4 Nc6 19. Bh5 Rf8 20. Nc3 a6 21. Na4
Rb8 22. Rb1 b5 23. Nc5 Bc8 24. Ncxe6 Bxe6 25. Nxe6 Kd7 26. Nxf8+ Rxf8 27. Qg4+
Kc7 28. Bg7 Rg8 29. Bxh6 Rxg4 30. Bxg4 Ne7 31. Rfc1+ Nc6 32. Rb2 a5 33. Rbc2
Kb6 34. Rxc6+ Kb7 35. Bf3 {JoinOctave a abandonné} 1-0

[Event "Champ FRA - Under 12"]
[Site "Europe Echecs"]
[Date "2020.07.08"]
[Round "2"]
[White "HorenfeldMelvi"]
[Black "PogodallaVicto"]
[Result "1-0"]
[WhiteElo "1200"]
[BlackElo "1458"]
[PlyCount "105"]
[EventDate "2020.??.??"]

1. e4 c5 2. Nf3 Nc6 3. d4 cxd4 4. Nxd4 g6 5. Nc3 Bg7 6. Be3 Nf6 7. Bb5 O-O 8.
O-O a6 9. Ba4 b5 10. Bb3 Bb7 11. f3 Qb6 12. Nf5 Qc7 13. Nxg7 Kxg7 14. Qd2 Kg8
15. a4 b4 16. Ne2 a5 17. Nd4 Nxd4 18. Bxd4 Rac8 19. Rac1 Qd6 20. Be3 Qe5 21.
Qd4 Qc7 22. Qb6 Qc6 23. Qxc6 Rxc6 24. Bd4 Rfc8 25. c3 Ba6 26. Rfd1 Bc4 27. Bxc4
Rxc4 28. b3 R4c6 29. c4 Nh5 30. Be3 R8c7 31. Rd5 Ra6 32. Rcd1 d6 33. Rb5 Nf6
34. Bg5 Kg7 35. e5 dxe5 36. Rxe5 h6 37. Bh4 g5 38. Bg3 Rb7 39. Rde1 e6 40. Rc5
Nh5 41. Be5+ f6 42. Bb2 e5 43. g3 Rd7 44. Rd5 Rxd5 45. cxd5 Rd6 46. Rd1 Kg6 47.
Bc1 Ng7 48. Be3 Ne8 49. Bc5 Rd7 50. Bb6 Nc7 51. d6 Ne6 52. Bxa5 Kf7 53. Bxb4 {
PogodallaVicto a abandonné} 1-0